[Event "32nd Reykjavik Open 2017"]
[Site "Reykjavik"]
[Date "2017.04.24"]
[Round "7"]
[White "Batchimeg, Tuvshintugs"]
[Black "Harika, Dronavalli"]
[Result "0-1"]
[WhiteElo "2394"]
[BlackElo "2521"]
[Annotator "TA"]
[PlyCount "176"]
[EventDate "2017.??.??"]
[EventType "swiss"]
[EventCountry "ISL"]
[SourceTitle "playchess.com"]
[Source "ChessBase"]
[SourceQuality "1"]

{[%evp 15,176,23,24,-20,-18,-23,-25,-28,-25,-24,-33,-59,-43,-95,-95,-87,-84,-99,-99,-106,-96,-88,-96,-86,-80,-116,-52,-64,-27,-96,-98,-102,-110,-101,-95,-116,-111,-129,-125,-125,-129,-155,-152,-191,-178,-191,-191,-167,-185,-191,-166,-222,-208,-217,-183,-172,-133,-170,-154,-182,-155,-130,-127,-132,-131,-164,-181,-188,-201,-197,-173,-229,-220,-561,-562,-556,-554,-549,-243,-238,-236,-229,-245,-242,-229,-237,-216,-225,-228,-208,-199,-204,-192,-200,-180,-198,-175,-189,-181,-206,-203,-253,0,-199,-201,-211,-200,-199,-202,-194,-156,-210,-142,-182,-179,-381,-393,-377,-387,-389,-364,-382,-350,-341,-271,-279,-279,-272,-277,-264,-262,-262,-266,-391,-408,-460,-460,-443,-419,-1978,-1868,-1680,-1477,-5057,-5057,-5057,-5057,-2156,-2257,-1833,-1369,-2425,-3364,-2414,-934,-5057,-5009,-1939,-2068,-5057,-5057,-5057,-5057]} 1. d4 d5 2. c4 e6 3. Nc3 c6 4. cxd5 exd5 5. Qc2 Nf6 6. Bg5 Be7 7. e3 Nbd7 8. Bd3 Nh5 9. Bf4 {D36: Queen's Gambit Declined: Exchange Variation: Main line (5 Bg5 c6 6 Qc2)} (9. Bxe7 Qxe7 10. O-O-O Nb6 11. h3 g6 12. Nf3 Be6 13. Kb1 O-O-O 14. Nd2 Ng7 15. g4 Kb8 16. Nb3 h5 17. f3 Bc8 18. Qf2 hxg4 19. hxg4 Ne6 20. f4 {0-1 (75) Nakamura,H (2793)-Onischuk,A (2667) Saint Louis 2017}) 9... Nxf4 10. exf4 Nf6 11. Nf3 {Black has an edge.} Nh5 12. g3 g6 13. f5 Ng7 {[%cal Rg7f5] [#]} 14. g4 $146 (14. fxg6 $15 fxg6 15. O-O-O (15. Ne5 O-O 16. O-O-O Nf5 17. Bxf5 Bxf5 $15)) (14. fxg6 hxg6 15. Ne5 Bf5 16. O-O-O Bd6 17. Bxf5 Nxf5 {½-½ (60) Georgiev,V (2575)-Todorovic,G (2394) Bar 2010}) 14... gxf5 $17 15. gxf5 Qd6 16. Ne2 Qf6 17. Ng3 Bd7 $1 18. O-O-O O-O-O {[%cal Be8c8,Bc8b8,Bb8a8][%mdl 32]} 19. Ne5 Bd6 20. f4 Be8 (20... Kb8 $17 21. Kb1 Bc7) 21. h4 h5 22. Rdf1 (22. Ne2 $11 {remains equal.}) 22... Kb8 23. Kb1 Bd7 24. Ka1 Ka8 25. Re1 Bc8 26. Re3 Bb8 27. Ree1 Rdg8 28. Rhg1 Ne8 29. Qe2 Nd6 30. Nxh5 Qxh4 31. Rh1 Qd8 32. f6 Rh6 33. Rhg1 (33. Qd1 {was worth a try.}) 33... Rgh8 $19 34. Rg5 Qb6 35. Rd1 Rf8 36. Bb1 Qc7 37. Rdg1 Qd8 38. Rg7 Qb6 39. Rg8 {[#]} Rh8 $1 40. Rxf8 Rxf8 41. Qf2 Rh8 42. Rg5 a6 43. Bd3 (43. Ng3 $142) 43... Ba7 44. Nf3 $2 (44. Ng3) 44... Ne4 45. Bxe4 dxe4 46. Nd2 Qxd4 (46... Qb4 $142 47. Nb3 Be6) 47. Qxd4 Bxd4 48. Nxe4 {[#]} Re8 $1 {[%cal Re8e4]} 49. Nhg3 {[#]} Bxf6 $1 {[%mdl 512]} 50. Rh5 (50. Nxf6 Re1#) 50... Bd8 51. f5 Bc7 {White must now prevent ...Bxg3.} 52. Kb1 Ka7 53. Kc2 Rg8 54. Ne2 Be5 55. b3 f6 56. Kd3 Rd8+ 57. Kc2 Rd5 58. N2c3 Rd8 59. Ne2 $1 a5 60. Nd2 Rd5 61. Nc4 Bc7 62. Ne3 Re5 63. Kd2 (63. Kd3 $17 {was necessary.}) 63... a4 64. bxa4 Bb6 65. Ng4 $2 (65. Nc4 {keeps fighting.} Rd5+ 66. Kc3) 65... Ba5+ (65... Rxf5 $2 66. Rxf5 Bxf5 67. Nxf6 $19) 66. Kd1 Rd5+ (66... Rxf5 67. Rxf5 Bxf5 68. Nxf6 $19) 67. Kc1 Bd2+ (67... Rxf5 $2 68. Rxf5 Bxf5 69. Nxf6 $19) (67... Bxf5 68. Nxf6 Rc5+ 69. Kb2 $19) 68. Kb2 Bg5 (68... Rxf5 $2 69. Rxf5 Bxf5 70. Nxf6 $19) 69. Ng3 Rd2+ 70. Kc3 {Strongly threatening Rxg5!} Rg2 (70... Rxa2 71. Ne4 $17) 71. Ne4 Rxg4 72. Nd6 {[#]} Bxf5 $1 (72... Rxa4 73. Nxc8+ Ka6 74. Kb3 $19) 73. Nxf5 Rxa4 {[%mdl 4096] Endgame KRB-KRN} 74. Kb3 (74. Rh7 {might work better.}) 74... Rf4 75. Nd6 Rh4 76. Rxh4 Bxh4 {KB-KN} 77. a4 (77. Kc4 $142) 77... Bg3 {Black is clearly winning.} 78. Nf5 Be5 79. Kc4 Kb6 80. Kb4 Bf4 81. Kc4 Ka5 82. Kb3 Be5 83. Ne7 Bd6 84. Nf5 Bc5 85. Kc4 Bf8 ({Not} 85... Kxa4 86. Kxc5 b6+ 87. Kd6 $11 (87. Kxc6 b5 $11) (87. Kxb6 Kb4 $11)) 86. Kb3 b5 87. axb5 cxb5 88. Ne3 Bc5 0-1

[Event "32nd Reykjavik Open 2017"]
[Site "Reykjavik"]
[Date "2017.04.24"]
[Round "7"]
[White "Pfreundt, Jakob"]
[Black "Liang, Awonder"]
[Result "1/2-1/2"]
[WhiteElo "2392"]
[BlackElo "2483"]
[Annotator "TA"]
[PlyCount "67"]
[EventDate "2017.??.??"]
[EventType "swiss"]
[EventCountry "ISL"]
[SourceTitle "playchess.com"]
[Source "ChessBase"]
[SourceQuality "1"]

{[%evp 14,67,22,33,31,5,13,5,2,19,5,5,14,25,22,21,25,12,42,39,59,36,36,34,111,73,72,69,69,64,68,69,64,67,70,64,64,71,59,72,66,47,57,58,61,57,68,7,7,7,14,7,12,11,12,7]} 1. e4 e5 2. Nf3 Nc6 3. d4 exd4 4. Nxd4 Nf6 5. Nxc6 bxc6 6. Nd2 d6 7. Bd3 Be7 8. O-O O-O {C45: Scotch Game} 9. h3 Nd7 10. Nf3 Bf6 $146 (10... Nc5 11. Be3 Nxd3 12. cxd3 c5 13. d4 Bb7 14. Qc2 cxd4 15. Nxd4 Bf6 16. Rac1 {0-1 (62) Klasan,V (2326)-Hansen,L (2570) Dresden 2008}) 11. Re1 Re8 12. c3 c5 13. Bf4 Bb7 14. Qc2 Bc6 15. Re3 Re7 16. Rae1 Qe8 17. Bc4 {[%cal Bd3c4,Bc4d5,Bd5c6][%mdl 32]} Rb8 18. Bd5 Bb5 (18... Ne5 $14) 19. a4 Ba6 20. Bc6 Bb7 21. e5 dxe5 22. Nxe5 Bxe5 23. Bxd7 $1 ({But not} 23. Rxe5 Nxe5 24. Bxe8 Nf3+ 25. gxf3 Rxe1+ 26. Kg2 Rbxe8 $15) 23... Qxd7 24. Rxe5 Rbe8 25. Rxe7 Rxe7 26. Rxe7 Qxe7 27. c4 h6 28. f3 a6 29. Qd2 (29. Qd3 $5 {looks sharper.} h5 30. b3 Qe1+ 31. Kh2 Qe7 32. Qe3) 29... Bc8 30. Qe3 ({Better is} 30. b3 $14) 30... Qxe3+ $11 {The position is equal.} 31. Bxe3 Bf5 32. a5 Bd3 33. Bxc5 Bxc4 34. h4 1/2-1/2

[Event "32nd Reykjavik Open 2017"]
[Site "Reykjavik"]
[Date "2017.04.24"]
[Round "7"]
[White "Guramishvili, Sopiko"]
[Black "Lemos, Damian"]
[Result "1/2-1/2"]
[WhiteElo "2363"]
[BlackElo "2471"]
[Annotator "TA"]
[PlyCount "52"]
[EventDate "2017.??.??"]
[EventType "swiss"]
[EventCountry "ISL"]
[SourceTitle "playchess.com"]
[Source "ChessBase"]
[SourceQuality "1"]

{[%evp 11,52,15,28,0,30,-2,20,20,20,0,9,12,15,15,15,16,15,16,17,2,53,16,19,16,25,16,29,15,49,23,23,23,29,21,35,12,26,0,33,0,28,0,37]} 1. d4 Nf6 2. Nf3 g6 3. Nbd2 Bg7 4. e4 d6 5. Bd3 O-O 6. O-O Nc6 {LiveBook: 148 Games} 7. a4 $146 {B07: Pirc Defence: Miscellaneous Systems} (7. c3 Bd7 8. Re1 e5 9. dxe5 Nxe5 10. Nxe5 dxe5 11. Nf3 Qe7 12. h3 Rfd8 13. Qc2 Ne8 14. Be3 Nd6 15. Rad1 {½-½ (74) Carlsen,M (2855)-Vachier Lagrave,M (2789) Paris 2016}) 7... Nh5 8. Nc4 Bg4 9. c3 e5 {[%cal Re5d4]} 10. dxe5 Nxe5 11. Ncxe5 dxe5 12. h3 Be6 13. Ng5 Bd7 14. Bc4 Qe7 15. Qb3 h6 (15... b6 $11) 16. Nf3 (16. Bxf7+ $5 {with more complications.} Rxf7 17. Nxf7 Qxf7 18. Qxb7 Rf8 19. Qxa7 Bc6 20. Qc5) 16... Rab8 17. Be3 b6 18. Rfd1 Nf6 {[%cal Bh5f6,Bf6e8,Be8d6][%mdl 32]} 19. Nd2 Ne8 20. a5 Nd6 21. axb6 axb6 22. Ra7 Nc8 23. Ra6 Nd6 24. Ra7 Nc8 25. Ra6 Nd6 26. Ra7 Nc8 1/2-1/2

[Event "32nd Reykjavik Open 2017"]
[Site "Reykjavik"]
[Date "2017.04.25"]
[Round "8"]
[White "Almasi, Zoltan"]
[Black "Can, Emre"]
[Result "1-0"]
[WhiteElo "2696"]
[BlackElo "2578"]
[Annotator "TA"]
[PlyCount "105"]
[EventDate "2017.??.??"]
[EventType "swiss"]
[EventCountry "ISL"]
[SourceTitle "playchess.com"]
[Source "ChessBase"]
[SourceQuality "1"]

{[%evp 16,105,0,0,0,10,17,0,12,0,0,0,14,17,56,50,95,77,109,113,106,90,92,91,86,40,47,25,66,66,67,-50,-48,-50,-50,-51,-36,-56,6,-89,11,11,17,20,21,22,22,0,0,0,21,0,56,18,127,159,141,52,184,160,172,156,176,179,175,177,177,175,175,172,218,164,146,152,241,155,352,354,524,560,529,346,1069,1004,5443,5443,5795,5375,5297,5250,5081,1052]} 1. Nf3 g6 2. d4 Bg7 3. c3 Nf6 4. Bf4 b6 5. h3 Bb7 6. e3 O-O 7. Be2 d6 8. O-O Nbd7 9. a4 a6 {A48: 1 d4 Nf6 2 Nf3 g6: Torre, London and Colle Systems} 10. Nbd2 Qe8 11. Bh2 (11. Qc2 e5 12. dxe5 dxe5 13. Bh2 e4 14. Nd4 Ne5 15. a5 b5 16. c4 b4 17. c5 Bd5 {0-1 (32) Vovk,Y (2617)-Wei,Y (2734) Baku 2015}) 11... e5 {The position is equal.} 12. b4 Qe7 13. Qb3 Kh8 14. Rfd1 $146 (14. Rac1 Ne4 15. Nxe4 Bxe4 16. Nd2 Bb7 17. Bf3 e4 {0-1 (30) Lupu,O (2196)-Georgescu,T (2474) Targu Mures 2014}) 14... Nh5 15. dxe5 dxe5 16. a5 $1 f5 17. axb6 Nxb6 18. Ra5 {[%cal Rf3e5]} f4 19. e4 Nd7 20. Qa2 {[%cal Re2a6]} c5 21. bxc5 Nxc5 22. Qa3 $1 {[%cal Ra3c5]} Rfc8 $1 23. Rb1 ({Better is} 23. Nc4 $14) 23... Bf8 $15 24. Qa1 Rc7 25. Rb4 {[%cal Bb1b4,Bb4a4,Ba4a1][%mdl 32]} Re8 26. Qb2 {Black must now prevent Rxc5!} Ba8 (26... Qg7 $15) 27. Bxa6 (27. Rb8 $11) 27... Nxa6 (27... Ra7 $1 $17 {[%cal Ra7a6]} 28. Rbb5 Qc7) 28. Rxa6 $11 Qd8 $1 29. Rba4 Bc6 30. Ra1 Qd3 31. R6a5 Rb7 32. Qc1 Bd6 33. c4 {[%cal Bc3c4,Bc4c5][%mdl 32]} Nf6 ({Black should play} 33... Bxe4 $11 34. Nxe4 Qxe4) 34. c5 $36 {[%mdl 2048] White is more active.} Bc7 (34... Bb8 $1 $11 {remains equal.}) 35. Ra6 $16 Qd7 36. Kh1 (36. Qc3 $16) 36... g5 (36... Rb5 $14) 37. Nxg5 $18 Rg8 38. Nf7+ $1 Qxf7 39. Rxc6 Nxe4 40. Nxe4 Qd5 {[#]} 41. Rca6 $1 ({Not} 41. Rxc7 Qxe4 42. Rxh7+ (42. f3 Qe2 43. Rxh7+ Kxh7 $17) 42... Rxh7 $17) 41... Qxe4 {[%csl Gg8][%cal Re4g2] [#]} 42. f3 $1 {[%cal Rf3e4]} Qd5 43. Qc2 Bb8 44. Rd1 Qf7 (44... Qb3 $16 {was worth a try.} 45. Qxb3 Rxb3) 45. c6 Re7 $2 (45... Qb3 $16 46. Qxb3 Rxb3) 46. Bg1 Qf6 (46... Qe6 {keeps fighting.} 47. Ra8 Bc7 48. Rxg8+ Kxg8) 47. Ra8 Reg7 48. Rd7 Rxd7 $2 (48... Qg6 49. Qxg6 Rxg6) 49. cxd7 {White is clearly winning.} Qd6 50. Qc8 Kg7 51. Rxb8 Qxb8 52. Qxb8 Rxb8 {[#]} 53. Bb6 $1 {[%mdl 512]} 1-0

[Event "32nd Reykjavik Open 2017"]
[Site "Reykjavik"]
[Date "2017.04.25"]
[Round "8"]
[White "Movsesian, Sergei"]
[Black "Torre, Eugenio"]
[Result "1-0"]
[WhiteElo "2677"]
[BlackElo "2455"]
[Annotator "TA"]
[PlyCount "91"]
[EventDate "2017.??.??"]
[EventType "swiss"]
[EventCountry "ISL"]
[SourceTitle "playchess.com"]
[Source "ChessBase"]
[SourceQuality "1"]

{[%evp 24,91,37,31,208,207,212,201,209,210,251,245,267,270,313,300,314,296,314,306,283,279,376,344,359,376,540,402,444,433,417,466,443,450,456,461,451,449,446,445,442,440,425,439,436,432,526,526,532,532,529,528,518,515,492,402,484,481,638,631,624,613,732,622,781,775,767,760,717,704]} 1. e4 e5 2. Nf3 Nc6 3. Bb5 a6 4. Ba4 Nf6 5. O-O Be7 6. d3 d6 7. c3 O-O 8. Re1 Bg4 9. Nbd2 Nd7 10. h3 Bh5 11. Bc2 {C87: Closed Ruy Lopez: Steinitz-type lines after 6 Re1 d6} Nc5 12. g4 Bg6 13. d4 {LiveBook: 4 Games. White is slightly better.} Ne6 $146 {[#]} ({Black should play} 13... Nd7 $14) ({Predecessor (6):} 13... Nd7 14. d5 Na7 15. c4 c6 16. Nf1 b5 17. b3 bxc4 18. bxc4 cxd5 19. cxd5 {1-0 (41) Onischuk,V (2669)-Meszaros,T (2421) Zalakaros 2015}) 14. d5 $1 $18 {[%csl LRc6,LRe6]} Nf4 15. dxc6 Nxh3+ 16. Kf1 {[%cal Bg1f1,Bf1f2,Bf2g2][%mdl 32]} bxc6 17. Nc4 {[%cal Bd2c4,Bc4e3,Be3g4,Bg4e5][%mdl 32]} h5 18. Ng1 Nxf2 19. Kxf2 Bh4+ 20. Kg2 Bxe1 21. Qxe1 hxg4 {and the idea ...f5 leaves Black hopeful.} 22. Ne3 d5 23. Nxg4 Bxe4+ 24. Bxe4 f5 (24... dxe4 $142 25. Qxe4 Re8) 25. Bd3 e4 26. Ne5 f4 {With the idea ...Qg5+.} 27. Ngf3 (27. Nxc6 Qd6 $16) 27... exd3 28. Bd2 ({Not} 28. Nxd3 Qf6 $18) ({Weaker is} 28. Nxc6 Qd6 $18) 28... Qf6 29. Qh1 Qf5 30. Qh3 Rae8 31. Re1 c5 32. Qxf5 Rxf5 33. Nxd3 Rxe1 34. Nfxe1 ({But not} 34. Ndxe1 c4 35. Kh3 Rf6 $18) 34... g5 35. Kf3 c4 36. Kg4 Rf6 37. Ne5 Rb6 38. Bc1 Re6 39. N5f3 c5 40. Kxg5 {White is clearly winning.} d4 41. Kxf4 Re2 42. Bd2 d3 43. Kg3 Kg7 44. Ng2 Re4 45. Ne3 Kf6 46. Nh2 1-0

[Event "32nd Reykjavik Open 2017"]
[Site "Reykjavik"]
[Date "2017.04.25"]
[Round "8"]
[White "Jones, Gawain C B"]
[Black "Praggnanandhaa R"]
[Result "0-1"]
[WhiteElo "2671"]
[BlackElo "2447"]
[Annotator "TA"]
[PlyCount "110"]
[EventDate "2017.??.??"]
[EventType "swiss"]
[EventCountry "ISL"]
[SourceTitle "playchess.com"]
[Source "ChessBase"]
[SourceQuality "1"]

{[%evp 13,110,17,19,-4,0,-24,-20,-41,-8,-21,-16,-16,-16,-16,-16,-15,-5,0,0,-23,0,-24,-13,-11,0,0,0,0,0,-12,0,0,0,0,0,0,1,0,0,0,0,-19,72,81,227,244,231,206,168,62,68,41,58,10,0,-71,44,0,0,0,0,0,0,0,0,0,0,0,0,0,0,0,0,0,0,-77,0,0,84,81,77,80,85,0,0,-141,-131,-117,-144,-157,-106,-252,-298,-282,-253,-524,-502,-29983,-29983]} 1. d4 Nf6 2. Nf3 e6 3. Bg5 {[%cal Bc1g5,Bg5h4,Bh4g3][%mdl 32]} h6 4. Bh4 d6 5. e3 Nbd7 {A46: 1 d4 Nf6 2 Nf3 e6: Torre, London and Colle Systems} (5... g5 6. Bg3 Nh5 7. Nbd2 Bg7 8. c3 Nd7 9. Bd3 Qe7 10. Qe2 a6 11. O-O-O b5 12. Nf1 Rb8 13. h4 {1-0 (28) Radjabov,T (2710)-Mchedlishvili,M (2601) Doha 2016}) 6. Bd3 g5 7. Bg3 Nh5 {LiveBook: 6 Games. The position is equal.} 8. Nc3 Bg7 9. Qe2 a6 10. a4 $146 (10. Nd2 Nxg3 11. hxg3 Qe7 12. f4 c5 13. Qf2 {0-1 (52) Mahato,R (1994)-Adhiban,B (2486) Kolkata 2009}) 10... Qe7 11. a5 Nxg3 12. hxg3 c5 13. g4 d5 {White should prevent ...c4.} 14. Qd2 Nf6 15. Ne5 Nd7 16. Nf3 Nf6 17. dxc5 Bd7 18. Na4 Bxa4 19. Rxa4 Qxc5 20. c3 Qe7 21. Rb4 Rc8 22. Qd1 O-O 23. Nd4 Rc7 24. f4 {[%cal Bf2f4,Bf4f5,Bf5f6][%mdl 32]} Re8 25. O-O Nd7 26. Bc2 Rec8 27. Qd3 Nf8 (27... Nf6 $11 {keeps the balance.}) 28. f5 $1 $16 Re8 {[#]} (28... e5 29. f6 $1 {[%mdl 512]} Bxf6 30. Nf5 $18) (28... Bf6 $16 {was worth a try.}) 29. Rb6 $1 $18 {fxe6 is the strong threat.} Qd7 30. f6 Bh8 31. Qd1 (31. e4 $18 dxe4 32. Qxe4) 31... Qd8 $1 $14 32. Qf3 Nd7 {[%cal Rd7f6]} 33. Rd6 Qxf6 ({Wrong is} 33... Ne5 $2 34. Qh3 Qxd6 35. Qxh6 Bxf6 36. Rxf6 (36. Qxf6 Ng6 $16) 36... Nxg4 37. Qxg5+ Kf8 38. Qxg4 $18) 34. Nf5 (34. Qg3 $1 $11 {remains equal.} Qd8 35. Qh2 Bxd4 36. exd4) 34... Nf8 ({Black should try} 34... Bg7 $17 35. Qh3 Ne5) 35. Rb6 Bg7 $1 36. Qg3 (36. Nd6 $2 Qxf3 37. gxf3 Rb8 $17) 36... Qd8 37. Nxg7 Kxg7 38. Qe5+ Kg8 39. Qh2 Kg7 $1 40. Qe5+ Kg8 41. Qh2 Kg7 $1 42. Ba4 $36 {[%mdl 2048] White fights for an advantage.} Nd7 43. Rd6 Qe7 44. c4 (44. Rxd7 $11 Rxd7 45. Bxd7 Qxd7 46. Qe5+ Kh7 47. Qf6) 44... Rec8 (44... dxc4 $17 {And now ...Rec8 would win.} 45. Rfd1 Nf6 46. Bxe8 Nxe8) 45. cxd5 $11 Nf8 (45... Nf6 $11 46. dxe6 Rc1) 46. dxe6 $16 Nxe6 47. Qe5+ Kg8 48. Rxf7 (48. Bb3 $16 {Black must now prevent Rxf7!} Rc6 49. Bxe6 fxe6 50. Rxc6 Rxc6 51. Rf6) 48... Qxf7 $11 49. Bb3 (49. Rxe6 $11 Rc1+ 50. Kh2) 49... Rc1+ $17 50. Kh2 R8c5 51. Qe4 Kf8 {Strongly threatening ...Qf2.} 52. Rxe6 {[#]} (52. Bxe6 $17 {was the only defense.} Qc7 53. g3 R5c2+ 54. Kh3) 52... Qc7+ $1 $19 ({But not} 52... Rxa5 $2 53. Qd4 (53. Rxh6 Qg7 54. Qf3+ Ke8 $19) 53... Rf1 54. Qh8+ Qg8 55. Rf6+ Ke7 56. Bxg8 $18) 53. g3 {White threatens Rf6+ and mate.} Qf7 54. Qg2 $2 {[#]} (54. Rxh6 Qf2+ 55. Qg2 Qxg2+ 56. Kxg2) 54... Qxe6 $1 {[%mdl 512]} 55. Qf2+ (55. Bxe6 $19 R1c2 56. b3) 55... Ke7 0-1

[Event "32nd Reykjavik Open 2017"]
[Site "Reykjavik"]
[Date "2017.04.25"]
[Round "8"]
[White "Vidit, Santosh Gujrathi"]
[Black "Gupta, Abhijeet"]
[Result "1/2-1/2"]
[WhiteElo "2670"]
[BlackElo "2607"]
[Annotator "TA"]
[PlyCount "83"]
[EventDate "2017.??.??"]
[EventType "swiss"]
[EventCountry "ISL"]
[SourceTitle "playchess.com"]
[Source "ChessBase"]
[SourceQuality "1"]

{[%evp 8,83,35,27,18,20,24,14,20,11,25,31,37,35,18,15,38,7,12,8,17,11,20,24,41,0,0,0,0,0,52,52,52,60,59,52,52,55,66,45,60,52,52,52,52,59,50,51,51,54,58,44,45,44,45,45,60,41,46,47,52,31,39,31,22,12,39,60,83,0,56,0,0,0,0,0,0,0]} 1. Nf3 Nf6 2. c4 g6 3. Nc3 d5 4. cxd5 Nxd5 5. h4 Bg7 {A16: English Opening: 1...Nf6 with ...d5} 6. e4 Nxc3 (6... Nb6 7. d4 Bg4 8. Be3 Nc6 9. d5 Ne5 10. Be2 O-O 11. Nxe5 Bxe2 12. Nxf7 Bxd1 13. Nxd8 {½-½ (67) Giri,A (2782)-Vachier Lagrave,M (2789) Leuven 2016}) 7. dxc3 {next Qxd8+ is good for White.} Qxd1+ 8. Kxd1 Nd7 {[%cal Bb8d7,Bd7e5,Be5f3][%mdl 32]} 9. Nd4 c5 $146 (9... h5 10. Be3 Bh6 11. Bxh6 Rxh6 12. Kc2 e5 13. Nb5 {½-½ (38) Donchenko,A (2553)-Puranik,A (2481) Moscow 2017}) 10. Nc2 Ne5 11. Ne3 Bd7 12. a4 Bc6 13. f3 $1 {[#]} f5 $1 {[%mdl 512]} 14. exf5 Nxf3 15. Bb5 Ne5 {Black wants to play ...0-0-0+.} 16. Ke2 O-O 17. Bxc6 bxc6 18. Rf1 Bf6 (18... Rf6 $11) 19. fxg6 $14 hxg6 20. Rf4 Rad8 21. Nc4 Rd5 22. Re4 Nf7 23. Rg4 Nd6 24. Rxg6+ Kf7 25. Rg4 Nxc4 26. Rxc4 Rg8 27. g4 {Black must now prevent g5.} Bxh4 28. Be3 Bg5 29. Rf1+ Ke8 30. Re4 Bxe3 31. Kxe3 {[%mdl 4096] Endgame KRR-KRR} Rh8 32. Rf6 Kd7 $1 33. Rf7 Re8 34. Ke2 Kd6 35. b3 a5 36. Rg7 Kd7 37. g5 Rd6 38. Rc4 (38. g6 $16) 38... Re6+ (38... Rf8 $11) 39. Kd3 (39. Kf3 $1 $14) 39... Rf8 $11 {The position is equal.} 40. Rxc5 Rf3+ 41. Kd2 $1 Rf2+ 42. Kd3 1/2-1/2

[Event "32nd Reykjavik Open 2017"]
[Site "Reykjavik"]
[Date "2017.04.25"]
[Round "8"]
[White "Kamsky, Gata"]
[Black "Friedel, Joshua E"]
[Result "1/2-1/2"]
[WhiteElo "2668"]
[BlackElo "2524"]
[Annotator "TA"]
[PlyCount "73"]
[EventDate "2017.??.??"]
[EventType "swiss"]
[EventCountry "ISL"]
[SourceTitle "playchess.com"]
[Source "ChessBase"]
[SourceQuality "1"]

{[%evp 21,73,0,45,9,13,15,15,6,13,-7,0,-11,-12,-16,-8,-4,-11,-14,0,0,0,0,9,0,-3,-10,0,0,0,0,0,8,5,-8,0,0,0,0,0,0,0,0,0,0,0,0,0,0,0,-7,-7,-8,-7,-7]} 1. e4 e5 2. Nf3 Nc6 3. Bb5 a6 4. Ba4 d6 5. c3 Bd7 6. O-O g6 7. d4 Bg7 8. Re1 Nf6 9. Bg5 {C79: Ruy Lopez: Steinitz-type lines with 3...a6 4 Ba4 Nf6 5 0-0 d6} (9. h3 b5 10. Bc2 O-O 11. Nbd2 Re8 12. a3 h6 13. Nf1 Nh5 14. Be3 Kh7 15. Qd2 Qf6 16. N1h2 Rad8 {1-0 (68) Dominguez Perez,L (2739)-Van Foreest,J (2612) chess.com INT 2017}) 9... O-O 10. Nbd2 h6 11. Bh4 Qe8 {LiveBook: 3 Games} 12. dxe5 Nxe5 {The position is equal.} 13. Bc2 Nh5 14. Nxe5 dxe5 $146 (14... Qxe5 15. Qf3 Rae8 16. Nc4 Qf4 17. Qxf4 Nxf4 {½-½ (35) Zontakh,A (2460)-Klovans,J (2485) Werfen 1995}) 15. Qf3 Nf4 16. Nc4 Be6 (16... g5 $5 17. Bg3 $8 Rd8 $11) 17. Bb3 Qb5 (17... g5 $5 18. Bg3 $8 Rd8 19. Bxf4 exf4 $15) 18. Na3 Qc6 19. Bg3 Bxb3 20. axb3 Qe6 21. Nc4 Nh5 22. Qe2 Rfd8 23. b4 Nxg3 24. hxg3 h5 25. Na5 b6 26. Nc4 $1 b5 27. Na5 Bf8 28. Red1 c5 29. Rxd8 Rxd8 30. bxc5 Bxc5 31. Nb7 Rc8 32. Nxc5 Rxc5 33. Rd1 Kg7 34. Rd8 b4 35. cxb4 Rc1+ 36. Rd1 Qc4 37. Qxc4 1/2-1/2

[Event "32nd Reykjavik Open 2017"]
[Site "Reykjavik"]
[Date "2017.04.25"]
[Round "8"]
[White "Grandelius, Nils"]
[Black "Jobava, Baadur"]
[Result "1/2-1/2"]
[WhiteElo "2641"]
[BlackElo "2712"]
[Annotator "TA"]
[PlyCount "67"]
[EventDate "2017.??.??"]
[EventType "swiss"]
[EventCountry "ISL"]
[SourceTitle "playchess.com"]
[Source "ChessBase"]
[SourceQuality "1"]

{[%evp 20,67,28,26,30,30,25,14,5,5,19,15,15,15,17,7,15,0,0,0,0,-2,13,0,0,0,0,0,0,0,0,0,0,0,0,0,0,0,0,0,0,0,0,0,0,0,0,0,0,0]} 1. e4 e5 2. Nf3 Nf6 3. Nxe5 d6 4. Nf3 Nxe4 5. d4 d5 6. Bd3 Bd6 7. O-O O-O 8. c4 c6 9. Re1 Re8 10. Nc3 Nxc3 11. bxc3 Rxe1+ {C42: Petroff Defence: 3 Nxe5 and unusual White 3rd moves} 12. Qxe1 h6 13. Ne5 (13. c5 Bc7 14. Ne5 Nd7 15. f4 Nf6 16. f5 Ne4 17. Bxe4 dxe4 18. Qg3 Bxf5 19. Bxh6 {½-½ (50) Karjakin,S (2717)-Alekseev,E (2714) Jermuk 2009}) 13... Nd7 {The position is equal.} 14. f4 Nxe5 15. fxe5 Be7 16. cxd5 cxd5 17. Rb1 b6 18. Bf4 $146 (18. Bc2 Bg5 {½-½ (18) Hitzegrad,J (2345)-Cantelli,A (2303) ICCF email 2009}) 18... Be6 19. Qd2 Rc8 20. h3 Rc7 21. Rf1 Bg5 22. Bxg5 Qxg5 23. Qxg5 hxg5 $11 {[%mdl 4096] Endgame KRB-KRB} 24. Rc1 f6 25. exf6 gxf6 26. Kf2 Kg7 27. Ke3 Bf7 28. Kd2 Bg6 29. Re1 Bxd3 30. Kxd3 Kf7 31. Rb1 Ke6 32. Re1+ Kf7 33. Rb1 Ke6 34. Re1+ 1/2-1/2